| 000 | 00917nam a2200241 a 4500 | ||
|---|---|---|---|
| 001 | 48527 | ||
| 003 | BD-RjUL | ||
| 005 | 20211209054535.0 | ||
| 008 | 160814s2010 bg |||| ||| 000 0 ben d | ||
| 020 |
_a9848214287 _c: Tk. 150.00 |
||
| 035 | _a(BD-RjUL)48646 | ||
| 040 |
_aBD-RjUL _bben _cBD-RjUL _dBD-RjUL |
||
| 041 | _aben | ||
| 082 |
_223 _a891.443 _bJIB 2010 |
||
| 245 | 1 | 0 |
_aজীবন বৃত্তে / _cরেবেকা আসাদ ; ফরিদা খানম |
| 260 |
_aরাজশাহী : _bবরন্দ্র নন্দিনী সাহিত্র ও পাঠচক্র, _c২০১০ |
||
| 300 |
_a১৪৩ পৃ. ; _c২১ সেমি. |
||
| 650 |
_aবাংলা ছোটগল্প _9146682 |
||
| 650 |
_aBengali Short stories _9146683 |
||
| 700 |
_a আসাদ, রেবেকা _9146684 |
||
| 700 |
_a খানম, ফরিদা _9145400 |
||
| 942 |
_2ddc _cBK |
||
| 999 |
_c48527 _d48527 |
||